000 00540nam a2200193Ia 4500
005 20250326123802.0
008 250326s9999 xx 000 0 und d
037 _aTextbook
040 _aFMSL
_beng
_cFMSL
041 _aeng
_2eng
084 _aS:3:6 L0
_qFMSL
100 _aThorndike R L
245 0 _aMeasurement and evaluation in psychology and education
_cThorndike R L
250 _a3
260 _aNew Delhi
_bNew Delhi, Wiley Eastern
_c1970
300 _a705p
942 _cTB
_hS:3:6 L0
999 _c1270952
_d1270952